[Event "Mestre Ragazzini Memorial 2nd"]
[Site "Mestre"]
[Date "2011.05.22"]
[Round "5"]
[White "Pasqualetto, Lorenzo"]
[Black "Zangrando, Gianpietro"]
[Result "1-0"]
[WhiteElo "1701"]
[BlackElo "1827"]
[PlyCount "61"]
[EventDate "2011.05.20"]
[EventType "swiss"]
[EventRounds "5"]
[EventCountry "ITA"]
[SourceTitle "EXT 2022"]
[Source "ChessBase"]
[SourceDate "2021.10.06"]
[SourceVersion "1"]
[SourceVersionDate "2021.10.06"]
[SourceQuality "1"]

1. e4 e6 2. d4 d5 3. Nc3 Nf6 4. Bg5 dxe4 5. Nxe4 Be7 6. Nxf6+ Bxf6 7. Bxf6 Qxf6 8. Nf3 0-0 9. Bd3 c5 10. c3 cxd4 11. Nxd4 a6 12. Qe2 e5 13. Nb3 Bf5 14. Bxf5 Qxf5 15. 0-0 Nc6 16. Rad1 Rad8 17. Rfe1 Rfe8 18. Nc5 Qc8 19. Ne4 Qc7 20. Qg4 Re6 21. Rxd8+ Qxd8 22. Rd1 Qf8 23. Qe2 h6 24. b4 Kh8 25. Qc4 Qb8 26. Rd7 Ne7 27. Nc5 Qc8 28. Rxb7 Rd6 29. h3 Rd1+ 30. Kh2 Ng6 31. Qxf7 1-0

[Event "Mogliano Veneto op-B 32nd"]
[Site "Mogliano Veneto"]
[Date "2011.05.01"]
[Round "5"]
[White "Stefan, Marco"]
[Black "Pasqualetto, Lorenzo"]
[Result "1-0"]
[WhiteElo "1852"]
[BlackElo "1675"]
[PlyCount "77"]
[EventDate "2011.04.29"]
[EventType "swiss"]
[EventRounds "5"]
[EventCountry "ITA"]
[SourceTitle "EXT 2024"]
[Source "ChessBase"]
[SourceDate "2023.10.10"]
[SourceVersion "1"]
[SourceVersionDate "2023.10.10"]
[SourceQuality "1"]

1. e4 c6 2. d4 d5 3. Nc3 dxe4 4. Nxe4 Bf5 5. Ng3 Bg6 6. Bc4 e6 7. N1e2 Nf6 8. 0-0 Nbd7 9. f4 Nb6 10. Bd3 Bxd3 11. Qxd3 Bd6 12. f5 e5 13. Ne4 Nxe4 14. Qxe4 Qe7 15. dxe5 Qxe5 16. Ng3 f6 17. Bf4 Qxe4 18. Nxe4 Bxf4 19. Rxf4 Nd5 20. Rf2 b6 21. Re1 0-0-0 22. c3 Kc7 23. Ng3 Rhe8 24. Rfe2 Rxe2 25. Rxe2 Nf4 26. Rf2 Rd1+ 27. Rf1 Rxf1+ 28. Kxf1 Kd6 29. b3 Ke5 30. Kf2 Nd5 31. Ne2 c5 32. g4 b5 33. Kf3 b4 34. cxb4 cxb4 35. h3 g6 36. fxg6 hxg6 37. h4 Nc3 38. h5 Nxe2 39. h6 1-0

[Event "Venice Province-ch 71st"]
[Site "Venice Mestre"]
[Date "2011.01.15"]
[Round "3"]
[White "Pasqualetto, Lorenzo"]
[Black "Perissotto, Mario"]
[Result "0-1"]
[WhiteElo "1691"]
[BlackElo "1652"]
[PlyCount "104"]
[EventDate "2011.01.14"]
[EventType "swiss"]
[EventRounds "5"]
[EventCountry "ITA"]
[SourceTitle "EXT 2022"]
[Source "ChessBase"]
[SourceDate "2021.10.06"]
[SourceVersion "1"]
[SourceVersionDate "2021.10.06"]
[SourceQuality "1"]

1. e4 c5 2. Nf3 e6 3. d4 cxd4 4. Nxd4 a6 5. Nc3 Qc7 6. Bd3 Nc6 7. Nb3 Nf6 8. Bg5 Be7 9. Qd2 h6 10. Bf4 d6 11. 0-0 e5 12. Be3 Be6 13. Be2 Qd7 14. f4 Bg4 15. f5 Bxe2 16. Qxe2 b5 17. Rad1 b4 18. Nd5 Bd8 19. Nb6 Bxb6 20. Bxb6 Qb7 21. Bf2 Rd8 22. Nd2 Ne7 23. Bh4 Qb6+ 24. Kh1 d5 25. exd5 Rxd5 26. Nc4 Qb8 27. Bxf6 gxf6 28. Rxd5 Nxd5 29. Rd1 Nf4 30. Qe4 Ke7 31. Na5 Qc7 32. Qxb4+ Ke8 33. Nc4 Qc6 34. Qb8+ Ke7 35. Qd6+ Qxd6 36. Rxd6 Rc8 37. Rxa6 Rxc4 38. g3 Nd5 39. c3 Re4 40. Ra7+ Kf8 41. Rb7 Re1+ 42. Kg2 Rb1 43. c4 Ne3+ 44. Kf3 Nxc4 45. b4 Nd6 46. Rb8+ Ke7 47. g4 Rb2 48. a4 e4+ 49. Ke3 Rb3+ 50. Ke2 Nc4 51. a5 Rb2+ 52. Ke1 Nxa5 0-1

[Event "Noale Szabados Memorial-B 3rd"]
[Site "Noale"]
[Date "2010.02.06"]
[Round "3"]
[White "Pasqualetto, Lorenzo"]
[Black "Rossi, Gianni"]
[Result "1/2-1/2"]
[WhiteElo "1518"]
[BlackElo "1885"]
[PlyCount "93"]
[EventDate "2010.02.05"]
[EventType "swiss"]
[EventRounds "5"]
[EventCountry "ITA"]
[SourceTitle "EXT 2022"]
[Source "ChessBase"]
[SourceDate "2021.10.06"]
[SourceVersion "1"]
[SourceVersionDate "2021.10.06"]
[SourceQuality "1"]

1. e4 Nf6 2. e5 Nd5 3. d4 d6 4. Nf3 g6 5. c4 Nb6 6. Nc3 Bg7 7. exd6 cxd6 8. Be2 0-0 9. 0-0 Nc6 10. Be3 Bg4 11. b3 d5 12. c5 Nc8 13. h3 Bxf3 14. Bxf3 e6 15. Qd2 N8e7 16. Nb5 Nf5 17. Bg4 a6 18. Bxf5 axb5 19. Bg4 b4 20. Qd3 e5 21. dxe5 Nxe5 22. Qb5 Nxg4 23. hxg4 Bxa1 24. Rxa1 Qf6 25. Rd1 Qc6 26. Qxb4 Rxa2 27. Bh6 Re8 28. Qd4 f6 29. Qxd5+ Qxd5 30. Rxd5 Rb2 31. Be3 Kf7 32. Rd3 Re4 33. Rd7+ Re7 34. Rd3 Rb1+ 35. Kh2 Ke8 36. Rd6 Rxb3 37. Rxf6 Re4 38. c6 Rbxe3 39. fxe3 Ke7 40. Rf3 bxc6 41. Rh3 Kf6 42. Rxh7 Rxe3 43. Rc7 Rc3 44. g3 Rc1 45. Kg2 Kg5 46. Kh3 c5 47. Rc6 1/2-1/2